Otto Ludwig und Hegels Philosophie ; die Widerspiegelung der "Ästhetik" Hegels im "poetischen Realismus" Otto Ludwigs.

Bibliographic Details
Main Author: Talgeri, Pramod, 1942-
Format: Book
Language:German
Published: Tübingen : M. Niemeyer, 1972.
Series:Hermaea ; n.F., Bd. 33.
Subjects:

MARC

Tag First Indicator Second Indicator Subfields
LEADER 00000cam a2200000 4500
001 in00000008757
005 20151003090022.0
008 731019s1972 gw b 00110 ger d
010 |a  73333894  
035 |a (OCoLC)00720732 
035 |9 AAA1168AM 
040 |a SYB  |c SYB  |d m.c.  |d TXA  |d UtOrBLW 
050 0 0 |a PT2426.Z5  |b T3 1972 
100 1 |a Talgeri, Pramod,  |d 1942- 
245 1 0 |a Otto Ludwig und Hegels Philosophie ;  |b die Widerspiegelung der "Ästhetik" Hegels im "poetischen Realismus" Otto Ludwigs. 
264 1 |a Tübingen :  |b M. Niemeyer,  |c 1972. 
300 |a viii, 172 pages ;  |c 23 cm. 
336 |a text  |b txt  |2 rdacontent 
337 |a unmediated  |b n  |2 rdamedia 
338 |a volume  |b nc  |2 rdacarrier 
490 1 |a Hermaea, Germanistische Forschungen, n. F.,  |v Bd. 33 
500 |a Originally presented as the author's thesis, Munich, 1970. 
504 |a Bibliography: pages 167-168. 
600 1 0 |a Ludwig, Otto,  |d 1813-1865. 
600 1 0 |a Hegel, Georg Wilhelm Friedrich,  |d 1770-1831.  |t Ästhetik.  |l English. 
830 0 |a Hermaea ;  |v n.F., Bd. 33. 
999 |a MARS 
999 f f |s 2cd10a33-daf1-3d84-9606-6356a6937b78  |i 43129780-fb9d-3b89-b625-8580e2373d0a  |t 0 
952 f f |p ric  |a Texas A&M University  |b Rellis Campus  |c Joint Library Facility  |d Remote Storage  |t 0  |e PT2426.Z5 T3 1972  |h Library of Congress classification  |i unmediated -- volume  |m A14812615606 
998 f f |a PT2426.Z5 T3 1972  |t 0  |l Remote Storage